Σχήματα Χωρών από Κ - Statistics

General Stats
  • This quiz has been taken 7 times
  • The average score is 12 of 18
Answer Stats
Picture Answer % Correct
Καναδάς
100%
Κίνα
100%
Κύπρος
100%
Κούβα
83%
Κροατία
83%
Καζακστάν
67%
Καμπότζη
67%
Κιριμπάτι
67%
Καμερούν
50%
Κατάρ
50%
Κεντροαφρικανική Δημοκρατία
50%
Κένυα
50%
Κιργιζία
50%
Κολομβία
50%
Κομόρες
50%
Κόσοβο
50%
Κόστα Ρίκα
50%
Κουβέιτ
50%
No matching quizzes found
Score Distribution
Percent of People with Each Score
Percentile by Number Answered
Your Score History
You have not taken this quiz